00807 2200301 4500001002100000005001500021035002000036007000300056040001700059100003700076245005400113250001000167300003200177504002400209020001800233041000800251082001100259084001700270090001700287264004600304336002100350337003000371338002300401650001400424850001000438008004100448990001600489INLIS00000000001326720260603093317 a0010-0725000026ta aSBPUPADbind0 aDarti Satyani LesmanaePengarang1 aAgar Ikan Hias Cemerlang /cDarti Satyani Lesmana aCet.2 a66 hlm :bilus., ;c20,5 cm aBibliografi, hlm 64 a979-489-648-9 aind a639.34 a639.34 DAR a a639.34 DAR a aJakarta.; :bDarti Satyani Lesmana,c2004 2rdacontentaTeks 2rdamediaatanpa perantara 2rdacarrieravolume 4aBudi Daya aPUPAD260603 0 ind  a1950/H-2007